Home Print Resources E-Books E-Journals IIMT Lecture Series Library Membership Form Book Recommendation Form Campus Tour Take AdmissionAbout Us Contact Us

BUILDING CONSTRUCTION (Record no. 44075)

000 -LEADER
fixed length control field nam a22 7a 4500
003 - CONTROL NUMBER IDENTIFIER
control field OSt
005 - DATE AND TIME OF LATEST TRANSACTION
control field 20180430140023.0
008 - FIXED-LENGTH DATA ELEMENTS--GENERAL INFORMATION
fixed length control field 180430b xxu||||| |||| 00| 0 eng d
040 ## - CATALOGING SOURCE
Transcribing agency IIMT UNIVERSITY, MEERUT
050 ## - LIBRARY OF CONGRESS CALL NUMBER
Classification number 624.171PUN
Item number 108
082 ## - DEWEY DECIMAL CLASSIFICATION NUMBER
Edition number 10TH ED.
Classification number 624.171PUN
Item number 108
100 ## - MAIN ENTRY--PERSONAL NAME
Personal name PUNMIA, B C
245 ## - TITLE STATEMENT
Title BUILDING CONSTRUCTION
Statement of responsibility, etc. AUTHOR
Medium ENGLISH
250 ## - EDITION STATEMENT
Edition statement 10
260 ## - PUBLICATION, DISTRIBUTION, ETC.
Place of publication, distribution, etc. DELHI
Name of publisher, distributor, etc. STANDARD
Date of publication, distribution, etc. 2010
300 ## - PHYSICAL DESCRIPTION
Other physical details 10TH ED. 666 PP.
Accompanying material PAPERBACK
760 ## - MAIN SERIES ENTRY
Edition 10 ED.
856 ## - ELECTRONIC LOCATION AND ACCESS
Materials specified PAPERBACK
Public note 624.171PUN
942 ## - ADDED ENTRY ELEMENTS (KOHA)
Source of classification or shelving scheme
Koha item type Text-Book- for 7 days
Edition 10TH
Classification part BOOK
Item part TITLE
Call number prefix 624.171PUN
Call number suffix 624.171PUN
Holdings
Withdrawn status Lost status Source of classification or shelving scheme Damaged status Not for loan Home library Current library Date acquired Source of acquisition Coded location qualifier Cost, normal purchase price Inventory number Total Checkouts Full call number Barcode Date last seen Uniform Resource Identifier Cost, replacement price Price effective from Koha item type Public note
          IIMT College of Architecture IIMT College of Architecture 04/30/2018 127 TRANSFER ARCHITECTU 300.00 127 TRANSFER   624.171PUN 108 24-B-108 04/30/2018 ARCHITECTURE 300.00 04/30/2018 Text-Book- for 7 days 127 TRANSFER
          IIMT College of Architecture IIMT College of Architecture 04/30/2018 127 TRANSFER ARCHITECTU 300.00 127 TRANSFER   624.171PUN 108 24-B-109 04/30/2018 ARCHITECTURE 300.00 04/30/2018 Text-Book- for 7 days 127 TRANSFER
          IIMT College of Architecture IIMT College of Architecture 04/30/2018 127 TRANSFER ARCHITECTU 300.00 127 TRANSFER   624.171PUN 108 24-B-110 04/30/2018 ARCHITECTURE 300.00 04/30/2018 Text-Book- for 7 days 127 TRANSFER
          IIMT College of Architecture IIMT College of Architecture 04/30/2018 127 TRANSFER ARCHITECTU 300.00 127 TRANSFER   624.171PUN 108 24-B-111 04/30/2018 ARCHITECTURE 300.00 04/30/2018 Text-Book- for 7 days 127 TRANSFER
          IIMT College of Architecture IIMT College of Architecture 04/30/2018 127 TRANSFER ARCHITECTU 300.00 127 TRANSFER   624.171PUN 108 24-B-112 04/30/2018 ARCHITECTURE 300.00 04/30/2018 Text-Book- for 7 days 127 TRANSFER
IIMT, Central Library. All Rights Reserved IIMT,UNIVERSITY © 2023
Implemented and Customised by I CLOUDE EMS
You Are OPAC Visitor No
free web counter

Powered by Koha